| 000 | 00770nam a2200217 i 4500 | ||
|---|---|---|---|
| 001 | 169908 | ||
| 003 | ES-MaACL | ||
| 005 | 20250516163848.0 | ||
| 008 | 081217s1929 fr |||| | fre d | ||
| 080 | _a82-293.2 | ||
| 100 | 1 |
_aMeilhac, Henri. _9129795 |
|
| 245 | 1 | 3 |
_aLa belle Hélène _b: opéra-bouffe en trois actes / _c[livret de] Henry Meilhac & Ludovic Halévy ; musique de Jacques Offenbach. |
| 250 | _aNouv. éd. | ||
| 260 |
_aParis : _bCalmann-Lévy, _c1929. |
||
| 300 |
_a110 p. ; _c19 cm. |
||
| 650 | 4 |
_aÓperas- _vLibretos. _9137584 |
|
| 700 | 1 |
_aHalévy, Ludovic, _d1834-1908 _9240505 |
|
| 700 | 1 |
_aOffenbach, Jacques. _986559 |
|
| 852 | 4 |
_aES-MaACL _j2244-F-13 _9R.140903 _z.- Biblioteca Jacinto Martínez Lacalle |
|
| 999 |
_c169908 _d169908 |
||